000 00482nam a2200157Ia 4500
008 200619s9999 xx 000 0 und d
020 _a978-981-06-9864-5
100 _aMishkin, Frederic S.
245 _cFrederic S. Mishkin.--
_aUnderstanding the economics of money, banking, and financial markets /
250 _a8th Ed.
260 _aSingapore :
_bPearson Education, Inc.
_c2007
300 _a660 pages
500 _aIncludes Index
650 _aFinance.
650 _aMoney.
999 _c363712
_d363712